BBC Sherlock - Character Surnames - Statistics

General Stats
  • This quiz has been taken 303 times
  • The average score is 13 of 19
Answer Stats
Hint Answer % Correct
Sherlock Holmes
100%
Mycroft Holmes
100%
John Watson
100%
Jim Moriarty
97%
Greg Lestrade
96%
Irene Adler
95%
Mrs. Hudson
95%
Molly Hooper
92%
Philip Anderson
84%
Sally Donovan
80%
Charles Augustus Magnussen
74%
Mary Morstan
74%
Henry Knight
44%
Kitty Riley
39%
Jonothan Small
34%
Lady Elizabeth Smallwood
32%
Bill Wiggins
32%
Sarah Sawyer
15%
Dr.Robert Frankland
6%
No matching quizzes found
Score Distribution
Percent of People with Each Score
Percentile by Number Answered
Your Score History
You have not taken this quiz